000 01063nam a2200193Ia 4500
999 _c38150
_d38150
001 4140
003 GE_BSU
005 20190917172358.0
008 181216s1974||||ge |||||||||||||| ||geo||
040 _cGE_BSU
041 _ageo
080 _a39(479.22) ბ–26
100 _aბარდაველიძე, ვ.
_94074
245 _aაღმოსავლეთ საქართველოს მთიანეთის ტრადიციული საზოგადოებრივ–საკულტო ძეგლები :
_b3 ტომად. ტ.1 : ფშავი /
_cივ. ჯავახიშვილის სახ. ისტორიის, არქეოლოგიისა და ეთნოგრაფიის ინ-ტი; რედ. გ. ჩიტაია.
264 _aთბ. :
_bმეცნიერება,
_c1974.
300 _a236 გვ.;
_b26 სმ.
653 _aსაკულტო ძეგლები აღმოსავლეთ საქართველოში
942 _cBK
_2udc